| 000 | 00639nam a2200181Ia 4500 | ||
|---|---|---|---|
| 003 | PILC | ||
| 005 | 20151008133835.0 | ||
| 008 | 140609s9999 xx 000 0 und d | ||
| 020 | _a9789715844406 | ||
| 050 |
_aPE 1128 _b.Sa196 2006 |
||
| 100 | _aSan Miguel, J. G. | ||
| 245 |
_aSmart english : _bmore than a worktext forgrammar and syntax ? / _cJ. G. San Miguel, D. C. T. Barraquio, R. DV. Revilla |
||
| 260 |
_aQuezon City, Philippines : _bC&E Publishing, Inc., _cc2006. |
||
| 300 |
_a290 p. : _bill. ; _c26 cm. |
||
| 500 | _aIncludes glossary, index and bibliographical references. | ||
| 942 |
_kLOC _cBK _2lcc |
||
| 999 |
_c118273 _d118273 |
||